Statistics for Every Song by Ghost

Click here to take the quiz!

General Stats

  • This quiz has been taken 13 times
  • The average score is 34 of 57

Answer Stats

AlbumSong% Correct
Seven Inches of Satanic Panic(2019)Mary on a Cross
91%
Impera(2022)Call Me Little Sunshine
82%
Prequelle(2018)Dance Macabre
82%
Impera(2022)Hunter's Moon
82%
Seven Inches of Satanic Panic(2019)Kiss the Go-Goat
82%
Prequelle(2018)Rats
82%
Meliora Redux(2016)Square Hammer
82%
Infestissumam(2013)Infestissumam
73%
Impera(2022)Spillways
73%
Impera(2022)Watcher in the Sky
73%
Meliora(2015)Absolution
64%
Meliora(2015)Cirice
64%
Impera(2022)Darkness at the Heart of My Love
64%
Meliora(2015)Deus in Absentia
64%
Opus Eponymous(2010)Elizabeth
64%
Prequelle(2018)Faith
64%
Infestissumam(2013)Ghuleh / Zombie Queen
64%
Impera(2022)Kaisarion
64%
Meliora(2015)Mummy Dust
64%
Infestissumam(2013)Per Aspera ad Inferi
64%
Impera(2022)Respite on the Spitalfields
64%
Opus Eponymous(2010)Ritual
64%
Meliora(2015)Spirit
64%
Impera(2022)Twenties
64%
Infestissumam(2013)Year Zero
64%
Prequelle(2018)Ashes
55%
Infestissumam(2013)Body and Blood
55%
Opus Eponymous(2010)Con Clavi Con Dio
55%
Opus Eponymous(2010)Death Knell
55%
Infestissumam(2013)Depth of Satan's Eyes
55%
Opus Eponymous(2010)Deus Culpa
55%
Meliora(2015)Devil Church
55%
Impera(2022)Dominion
55%
Meliora(2015)From the Pinnacle to the Pit
55%
Opus Eponymous(2010)Genesis
55%
Impera(2022)Griftwood
55%
Meliora(2015)He Is
55%
Infestissumam(2013)Idolatrine
55%
Meliora(Bonus)(2015)If You Have Ghosts
55%
Impera(2022)Imperium
55%
Prequelle(2018)Life Eternal
55%
Meliora(2015)Majesty
55%
Prequelle(2018)Miasma
55%
Infestissumam(2013)Monstrance Clock
55%
Prequelle(2018)Pro Memoria
55%
Infestissumam(2013)Secular Haze
55%
Prequelle(2018)See the Light
55%
Meliora(2015)Spöksonat
55%
Opus Eponymous(2010)Stand by Him
55%
Prequelle(2018)Witch Image
55%
Impera(2022)Bite of Passage
45%
Prequelle(2018)Helvetesfönster
45%
Opus Eponymous(2010)Prime Mover
45%
Opus Eponymous(2010)Satan Prayer
45%
Meliora Redux(2016)Zenith
45%
Infestissumam(2013)Jigolo Har Megiddo
36%
Infestissumam(Bonus)(2013)La Mantra Mori
27%

Score Distribution

Percentile by Number Answered

Percent of People with Each Score

Your Score History

You have not taken this quiz